00334nam a2200121Ia 4500008004100000041000800041082001200049100001800061245004400079260004600123300003200169365001100201240624s9999 xx 000 0 und d aeng a020 LAU aLAUGHLIN SARA aQUALITY LIBRARY A GUIDE TO STAFF DRIVEN c2009aNew DelhibIndiana Publishing House axiii, : 144 : p. : cm. ; 28 cRSb20